Christmas unwrapped : (Record no. 109556)
[ view plain ]
| 000 -LEADER | |
|---|---|
| fixed length control field | 00390nam a2200145 a 4500 |
| 005 - DATE AND TIME OF LATEST TRANSACTION | |
| control field | 20140414093845.0 |
| 008 - FIXED-LENGTH DATA ELEMENTS--GENERAL INFORMATION | |
| fixed length control field | 091124s19uu xx 00 eng d |
| 050 ## - LIBRARY OF CONGRESS CALL NUMBER | |
| Classification number | DVD 900 |
| Item number | CHR 1997 |
| 245 ## - TITLE STATEMENT | |
| Title | Christmas unwrapped : |
| Remainder of title | The history of Christmas. |
| 260 ## - PUBLICATION, DISTRIBUTION, ETC. (IMPRINT) | |
| Name of publisher, distributor, etc | The History Channel. |
| 440 ## - SERIES STATEMENT/ADDED ENTRY--TITLE | |
| Title | The History Channel |
| 650 ## - SUBJECT ADDED ENTRY--TOPICAL TERM | |
| Topical term or geographic name as entry element | History |
| General subdivision | Christmas. |
| 942 ## - ADDED ENTRY ELEMENTS (KOHA) | |
| Koha item type | Audio Visual Materials |
| Withdrawn status | Lost status | Damaged status | Home library | Current library | Shelving location | Date acquired | Source of acquisition | Cost, normal purchase price | Total Checkouts | Full call number | Barcode | Date last seen | Price effective from | Koha item type |
|---|---|---|---|---|---|---|---|---|---|---|---|---|---|---|
| Luxembourg Library | Luxembourg Library | Audio Visual Material Section | 11/24/2009 | 5600.00 | DVD 900 CHR 1997 | AV1206 | 04/14/2014 | 04/14/2014 | Audio Visual Materials |